000 00321 a2200145 4500
001 178489
020 _a
040 _cMagnum
100 _aSauber, Robert
240 1 0 _aBarbie em o quebra-nozes
_lpor
245 1 0 _aBarbie em o quebra-nozes
362 0 _a1899
697 _aMAGNITO: I/AVENTURA, CRIANCAS
942 _cBK
999 _c178489
_d178489